| 000 | 00733nam a2200181Ia 4500 | ||
|---|---|---|---|
| 008 | 090630s9999 xx 000 0 und d | ||
| 082 | _b16583 | ||
| 100 | _aघैसास श्रीनिवास. | ||
| 245 |
_aजमीन जुमला कायद्यात बसवा. _cघैसास श्रीनिवास. |
||
| 260 | _bमनोरमा - मुंबई. | ||
| 300 | _a0 | ||
| 600 | _aघैसास श्रीनिवास. | ||
| 630 | _aजमीन जुमला कायद्यात बसवा. | ||
| 655 | _aइतर. | ||
| 700 | _aघैसास श्रीनिवास. | ||
| 730 | _aजमीन जुमला कायद्यात बसवा. | ||
| 942 | _cBOOK | ||
| 999 |
_c268439 _d268439 |
||